Matematičeskije metody issledovanija sistem avtomatičeskogo regulirovanija /

Gespeichert in:
Bibliographische Detailangaben
1. Verfasser: Zubov, Viktor J. (Verfasst von)
Format: Buch
Sprache:Russisch
Veröffentlicht: Leningrad : Mašinostrojenije, 1974
Ausgabe:2.pererab.i dopol.izd.
Tags: Tag hinzufügen
Keine Tags, Fügen Sie das erste Tag hinzu!

MARC

LEADER 00000nam a22000003a 4500
001 stu45202
005 20150617225715.7
008 960109s1974----xxr-----------------rus-d
040 |a STU  |b slo 
041 0 |a rus 
044 |a xxr 
100 1 |a Zubov, Viktor J.  |4 aut 
245 1 |a Matematičeskije metody issledovanija sistem avtomatičeskogo regulirovanija /  |c [aut.]V.I. Zubov 
250 |a 2.pererab.i dopol.izd. 
260 |a Leningrad :  |b Mašinostrojenije,  |c 1974 
300 |a 334 s 
996 |b 284M012578  |c M*5783-1  |l MMKN  |s A  |a 24  |w stu45202_0001